[Event "Kecskemet1"]
[Site "Kecskemet"]
[Date "1991.??.??"]
[Round "4"]
[White "Adorjan, Andras"]
[Black "Volke, Karsten"]
[Result "1/2-1/2"]
[WhiteElo "2525"]
[BlackElo "2395"]
[PlyCount "25"]
[EventDate "1991.05.??"]
[EventType "tourn"]
[EventRounds "11"]
[EventCountry "HUN"]
[EventCategory "7"]
[Source "ChessBase"]
[SourceDate "2003.11.25"]
[WhiteTeamCountry "GER"]
[BlackTeamCountry "GER"]

1. d4 Nf6 2. Nf3 g6 3. g3 Bg7 4. Bg2 O-O 5. c4 d6 6. Nc3 Nbd7 7. O-O e5 8. h3
c6 9. e4 Qb6 10. Re1 exd4 11. Nxd4 Ne8 12. Nde2 Qb4 13. Qb3 1/2-1/2

[Event "Kecskemet1"]
[Site "Kecskemet"]
[Date "1991.05.11"]
[Round "5"]
[White "Atalik, Suat"]
[Black "Adorjan, Andras"]
[Result "1/2-1/2"]
[WhiteElo "2420"]
[BlackElo "2525"]
[PlyCount "44"]
[EventDate "1991.05.??"]
[EventType "tourn"]
[EventRounds "11"]
[EventCountry "HUN"]
[EventCategory "7"]
[Source "ChessBase"]
[SourceDate "2003.11.25"]
[WhiteTeamCountry "GER"]
[BlackTeamCountry "GER"]

1. d4 Nf6 2. Nf3 e6 3. c4 Bb4+ 4. Nc3 d5 5. Bg5 dxc4 6. e4 c5 7. Bxc4 cxd4 8.
Nxd4 Bxc3+ 9. bxc3 Qa5 10. Bxf6 Qxc3+ 11. Kf1 gxf6 12. Bb5+ Ke7 13. Rc1 Qa5 14.
e5 fxe5 15. Qh5 Nd7 16. Qg5+ Kf8 17. Rxc8+ Rxc8 18. Bxd7 Qd8 19. Nxe6+ fxe6 20.
Qh6+ Kf7 21. Qxe6+ Kf8 22. Qh6+ Kf7 1/2-1/2

[Event "Kecskemet1"]
[Site "Kecskemet"]
[Date "1991.??.??"]
[Round "7"]
[White "Adorjan, Andras"]
[Black "Stajcic, Nikola"]
[Result "1-0"]
[WhiteElo "2525"]
[BlackElo "2345"]
[PlyCount "53"]
[EventDate "1991.05.??"]
[EventType "tourn"]
[EventRounds "11"]
[EventCountry "HUN"]
[EventCategory "7"]
[Source "ChessBase"]
[SourceDate "2003.11.25"]
[WhiteTeamCountry "GER"]
[BlackTeamCountry "GER"]

1. d4 Nf6 2. Nf3 d5 3. c4 c6 4. e3 e6 5. Nc3 Nbd7 6. Qc2 Bd6 7. Be2 O-O 8. O-O
Qe7 9. Rd1 dxc4 10. Bxc4 e5 11. h3 exd4 12. exd4 Nb6 13. Re1 Qc7 14. Bb3 Bf4
15. Re5 Bxc1 16. Rxc1 Qd6 17. Ne4 Nxe4 18. Qxe4 Nd7 19. Re7 Nf6 20. Qe5 Qb4 21.
Rxf7 Rxf7 22. Ng5 Bd7 23. Nxf7 Kf8 24. Nd6 a5 25. Re1 Re8 26. Nxe8 Bxe8 27. Re3
1-0

[Event "Kecskemet1"]
[Site "Kecskemet"]
[Date "1991.05.15"]
[Round "8"]
[White "Sjoberg, Mats"]
[Black "Adorjan, Andras"]
[Result "0-1"]
[WhiteElo "2360"]
[BlackElo "2525"]
[PlyCount "42"]
[EventDate "1991.05.??"]
[EventType "tourn"]
[EventRounds "11"]
[EventCountry "HUN"]
[EventCategory "7"]
[Source "ChessBase"]
[SourceDate "2003.11.25"]
[WhiteTeamCountry "GER"]
[BlackTeamCountry "GER"]

1. e4 c6 2. d4 d5 3. e5 Bf5 4. Nc3 e6 5. g4 Bg6 6. Nge2 c5 7. h4 f6 8. Nf4 Bf7
9. exf6 cxd4 10. Nb5 Nxf6 11. Nxd4 e5 12. Bb5+ Nbd7 13. Nfe6 Qb6 14. Bxd7+ Kxd7
15. Nxf8+ Rhxf8 16. Nb3 Qb4+ 17. c3 Qe4+ 18. Kd2 Qf4+ 19. Ke1 Qe4+ 20. Kd2 Qg2
21. Nc5+ Kd6 0-1

[Event "Kecskemet1"]
[Site "Kecskemet"]
[Date "1991.??.??"]
[Round "9"]
[White "Adorjan, Andras"]
[Black "Antic, Dejan"]
[Result "1/2-1/2"]
[WhiteElo "2525"]
[BlackElo "2390"]
[PlyCount "39"]
[EventDate "1991.05.??"]
[EventType "tourn"]
[EventRounds "11"]
[EventCountry "HUN"]
[EventCategory "7"]
[Source "ChessBase"]
[SourceDate "2003.11.25"]
[WhiteTeamCountry "GER"]
[BlackTeamCountry "GER"]

1. d4 Nf6 2. Nf3 g6 3. g3 Bg7 4. Bg2 d5 5. O-O O-O 6. c4 dxc4 7. Na3 Na6 8.
Nxc4 c5 9. b3 Bf5 10. Bb2 Be4 11. Rc1 Rc8 12. Bh3 Rc7 13. dxc5 Rxc5 14. Qxd8
Rxd8 15. Ba3 Rc7 16. Nce5 e6 17. Ng5 Bd5 18. Rxc7 Nxc7 19. Rd1 Nb5 20. Nxe6
1/2-1/2

[Event "Kecskemet1"]
[Site "Kecskemet"]
[Date "1991.??.??"]
[Round "10"]
[White "Leko, Peter"]
[Black "Adorjan, Andras"]
[Result "1/2-1/2"]
[WhiteElo "2255"]
[BlackElo "2525"]
[PlyCount "96"]
[EventDate "1991.05.??"]
[EventType "tourn"]
[EventRounds "11"]
[EventCountry "HUN"]
[EventCategory "7"]
[Source "ChessBase"]
[SourceDate "2003.11.25"]
[WhiteTeamCountry "GER"]
[BlackTeamCountry "GER"]

1. e4 c5 2. Nf3 d6 3. d4 cxd4 4. Nxd4 Nf6 5. Nc3 a6 6. Be3 e6 7. f4 b5 8. Qf3
Bb7 9. Bd3 Nbd7 10. g4 b4 11. Nce2 e5 12. Nb3 exf4 13. Qxf4 Ne5 14. g5 Nh5 15.
Qf1 Be7 16. Rg1 O-O 17. O-O-O a5 18. Qh3 g6 19. Nbd4 Nxd3+ 20. cxd3 d5 21. Nf5
dxe4 22. Nh6+ Kh8 23. Bd4+ f6 24. Kb1 Qd5 25. gxf6 Bxf6 26. Bxf6+ Rxf6 27. Ng3
exd3 28. Nxh5 Qxh5 29. Qe3 Qe2 30. Qd4 Raf8 31. Ng4 Qe4 32. Qxe4 Bxe4 33. Nxf6
Rxf6 34. Rge1 Rf4 35. Kc1 Kg7 36. Rf1 Rg4 37. Rf2 Bf5 38. Kd2 a4 39. Rc1 Be6
40. Rc7+ Kh6 41. a3 Bf5 42. Rb7 bxa3 43. bxa3 Rc4 44. Rb4 Rc2+ 45. Ke1 Rc1+ 46.
Kd2 Rc2+ 47. Ke1 Rc1+ 48. Kd2 Rc2+ 1/2-1/2

[Event "Kecskemet1"]
[Site "Kecskemet"]
[Date "1991.??.??"]
[Round "11"]
[White "Adorjan, Andras"]
[Black "Farago, Sandor"]
[Result "1-0"]
[WhiteElo "2525"]
[BlackElo "2410"]
[PlyCount "77"]
[EventDate "1991.05.??"]
[EventType "tourn"]
[EventRounds "11"]
[EventCountry "HUN"]
[EventCategory "7"]
[Source "ChessBase"]
[SourceDate "2003.11.25"]
[WhiteTeamCountry "GER"]
[BlackTeamCountry "GER"]

1. c4 Nf6 2. Nf3 g6 3. g3 Bg7 4. Bg2 O-O 5. d4 d6 6. O-O Nbd7 7. Nc3 e5 8. h3
c6 9. e4 exd4 10. Nxd4 Re8 11. Be3 Nc5 12. Qc2 a5 13. Rad1 Qe7 14. Rfe1 Nfd7
15. f4 a4 16. Bf2 Qd8 17. Nf3 Qc7 18. Nh2 a3 19. b4 Ne6 20. Qb3 h5 21. Nf3 Bf6
22. Kh1 h4 23. f5 Nef8 24. Nxh4 Bxh4 25. gxh4 Ne5 26. c5 dxc5 27. Bxc5 Kg7 28.
Bd6 Qb6 29. Na4 Qf2 30. Rf1 Qxh4 31. Nb6 gxf5 32. Nxa8 Nfg6 33. Nc7 Rh8 34.
exf5 f6 35. fxg6 Bxh3 36. Qxh3 Qc4 37. Ne8+ Kg8 38. Nxf6+ Kg7 39. Ne8+ 1-0

[Event "Bacolod"]
[Site "Bacolod"]
[Date "1991.??.??"]
[Round "1"]
[White "Adorjan, Andras"]
[Black "Ftacnik, Lubomir"]
[Result "1/2-1/2"]
[WhiteElo "2525"]
[BlackElo "2590"]
[PlyCount "40"]
[EventDate "1991.06.??"]
[EventType "tourn"]
[EventRounds "9"]
[EventCountry "PHI"]
[EventCategory "10"]
[Source "ChessBase"]
[SourceDate "1991.09.01"]
[WhiteTeamCountry "GER"]
[BlackTeamCountry "GER"]

1. e4 d6 2. d4 Nf6 3. Nc3 g6 4. Be2 Bg7 5. Nf3 O-O 6. O-O Bg4 7. Be3 Nc6 8. Qd2
e5 9. dxe5 dxe5 10. Rad1 Qc8 11. Qc1 Rd8 12. Rxd8+ Qxd8 13. Rd1 Qf8 14. h3 Bxf3
15. Bxf3 a6 16. a3 Rd8 17. Rxd8 Qxd8 18. Nd5 Nxd5 19. exd5 Nd4 20. Bxd4 exd4
1/2-1/2

[Event "Bacolod"]
[Site "Bacolod"]
[Date "1991.??.??"]
[Round "2"]
[White "Adorjan, Andras"]
[Black "Antonio, Rogelio"]
[Result "1/2-1/2"]
[WhiteElo "2525"]
[BlackElo "2490"]
[PlyCount "45"]
[EventDate "1991.06.??"]
[EventType "tourn"]
[EventRounds "9"]
[EventCountry "PHI"]
[EventCategory "10"]
[Source "ChessBase"]
[SourceDate "1991.09.01"]
[WhiteTeamCountry "GER"]
[BlackTeamCountry "GER"]

1. Nf3 Nf6 2. c4 e6 3. Nc3 d5 4. d4 Bb4 5. cxd5 exd5 6. Bg5 Qd6 7. Nd2 O-O 8.
e3 c6 9. Be2 Bf5 10. O-O Nbd7 11. Qb3 Qe7 12. Bf3 h6 13. Bh4 g5 14. Bg3 h5 15.
h3 g4 16. hxg4 hxg4 17. Bd1 a5 18. a3 Bd6 19. Ne2 a4 20. Qc3 Rfe8 21. Bc2 Bg6
22. Rae1 Nf8 23. Bxd6 1/2-1/2

[Event "Bacolod"]
[Site "Bacolod"]
[Date "1991.??.??"]
[Round "3"]
[White "Ye Rongguang"]
[Black "Adorjan, Andras"]
[Result "1/2-1/2"]
[WhiteElo "2545"]
[BlackElo "2525"]
[PlyCount "20"]
[EventDate "1991.06.??"]
[EventType "tourn"]
[EventRounds "9"]
[EventCountry "PHI"]
[EventCategory "10"]
[Source "ChessBase"]
[SourceDate "1991.09.01"]
[WhiteTeamCountry "GER"]
[BlackTeamCountry "GER"]

1. d4 Nf6 2. Nf3 e6 3. Bg5 c5 4. e3 Be7 5. Nbd2 b6 6. Bd3 Bb7 7. O-O Nc6 8. Re1
cxd4 9. exd4 O-O 10. c3 Nd5 1/2-1/2

[Event "Bacolod"]
[Site "Bacolod"]
[Date "1991.??.??"]
[Round "4"]
[White "Adorjan, Andras"]
[Black "Donguines, Fernie"]
[Result "1-0"]
[WhiteElo "2525"]
[BlackElo "2435"]
[PlyCount "93"]
[EventDate "1991.06.??"]
[EventType "tourn"]
[EventRounds "9"]
[EventCountry "PHI"]
[EventCategory "10"]
[Source "ChessBase"]
[SourceDate "1991.09.01"]
[WhiteTeamCountry "GER"]
[BlackTeamCountry "GER"]

1. Nf3 f5 2. g3 g6 3. Bg2 Bg7 4. d4 Nf6 5. O-O O-O 6. b3 d6 7. Bb2 c6 8. Nbd2
Qc7 9. Re1 Ng4 10. e4 f4 11. Qe2 fxg3 12. fxg3 e5 13. dxe5 dxe5 14. Nc4 b5 15.
h3 bxc4 16. Qxc4+ Kh8 17. hxg4 Bxg4 18. Nh2 Bc8 19. Rf1 Re8 20. Rf2 Qb6 21. Nf3
Be6 22. Qe2 Nd7 23. Ng5 Bg8 24. Kh2 Nf6 25. Raf1 c5 26. Bh3 Re7 27. Qe3 Rae8
28. Kg2 Qc6 29. Re2 h6 30. Nf3 Bh7 31. Nd2 Bg8 32. Kg1 Rd8 33. Nf3 Nh5 34. Nh4
Bh7 35. Ref2 Rd4 36. Bg2 Rd8 37. Bh3 Nf6 38. Rxf6 Bxf6 39. Nxg6+ Bxg6 40. Qxh6+
Rh7 41. Qxg6 Rxh3 42. Rxf6 Rd1+ 43. Kg2 Rxg3+ 44. Qxg3 Qxe4+ 45. Rf3 Qxc2+ 46.
Qf2 Rd2 47. Bxe5+ 1-0

[Event "Bacolod"]
[Site "Bacolod"]
[Date "1991.??.??"]
[Round "5"]
[White "Barcenilla, Rogelio"]
[Black "Adorjan, Andras"]
[Result "0-1"]
[WhiteElo "2435"]
[BlackElo "2525"]
[PlyCount "82"]
[EventDate "1991.06.??"]
[EventType "tourn"]
[EventRounds "9"]
[EventCountry "PHI"]
[EventCategory "10"]
[Source "ChessBase"]
[SourceDate "1991.09.01"]
[WhiteTeamCountry "GER"]
[BlackTeamCountry "GER"]

1. e4 c5 2. Nf3 e6 3. d4 cxd4 4. Nxd4 Nf6 5. Nc3 d6 6. g4 h6 7. Rg1 Nc6 8. h4
h5 9. gxh5 Nxh5 10. Bg5 Nf6 11. Be2 Be7 12. h5 e5 13. Nb3 Be6 14. Be3 Kf8 15.
Qd2 a5 16. Rd1 a4 17. Nc1 a3 18. b3 Rc8 19. f4 exf4 20. Bxf4 Nxh5 21. Bxd6 Nb4
22. Rh1 Qxd6 23. Qxd6 Nxc2+ 24. Kf2 Bxd6 25. Rxd6 Ke7 26. Rb6 Rxc3 27. Rxb7+
Kf6 28. Rxh5 Rxh5 29. Bxh5 Nd4 30. Ne2 Rc2 31. Ke3 Nxe2 32. Bxe2 Rxa2 33. Rb6
Ra1 34. Ra6 g5 35. Kd4 a2 36. Kc3 Ke5 37. Bd3 Rb1 38. Rxa2 Rxb3+ 39. Kc2 Rxd3
40. Ra5+ Kxe4 41. Rxg5 Rd5 0-1

[Event "Bacolod"]
[Site "Bacolod"]
[Date "1991.??.??"]
[Round "7"]
[White "Rodriguez, Ruben"]
[Black "Adorjan, Andras"]
[Result "1/2-1/2"]
[WhiteElo "2420"]
[BlackElo "2525"]
[PlyCount "99"]
[EventDate "1991.06.??"]
[EventType "tourn"]
[EventRounds "9"]
[EventCountry "PHI"]
[EventCategory "10"]
[Source "ChessBase"]
[SourceDate "1991.09.01"]
[WhiteTeamCountry "GER"]
[BlackTeamCountry "GER"]

1. Nf3 c5 2. c4 Nf6 3. Nc3 e6 4. g3 b6 5. Bg2 Bb7 6. O-O d6 7. d4 cxd4 8. Qxd4
a6 9. Rd1 Be7 10. e4 Nbd7 11. b3 Qc8 12. Bb2 O-O 13. Rac1 Re8 14. Qe3 Qc7 15.
Nd4 Rad8 16. h3 Qb8 17. Re1 Bf8 18. Rcd1 Nc5 19. Qc1 Qa8 20. f3 Qb8 21. g4 Ba8
22. Qe3 g6 23. Kh1 Bg7 24. Qf2 h6 25. h4 Ncd7 26. Bc1 Qc7 27. g5 hxg5 28. Bxg5
Rb8 29. Qd2 Nh7 30. Be3 Ndf6 31. Nde2 Bf8 32. Ng3 b5 33. cxb5 axb5 34. Rc1 Qd8
35. Kg1 d5 36. e5 Nd7 37. f4 Qxh4 38. Kf2 d4 39. Bxd4 Nc5 40. Bxa8 Rxa8 41. Rh1
Qg4 42. b4 Red8 43. bxc5 Bxc5 44. Nge2 Ng5 45. Qe3 Rxd4 46. Nxd4 Bxd4 47. Qxd4
Qf3+ 48. Kg1 Qg3+ 49. Kf1 Qf3+ 50. Kg1 1/2-1/2

[Event "Bacolod"]
[Site "Bacolod"]
[Date "1991.??.??"]
[Round "8"]
[White "Adorjan, Andras"]
[Black "Mascarinas, Rico"]
[Result "1/2-1/2"]
[WhiteElo "2525"]
[BlackElo "2410"]
[PlyCount "142"]
[EventDate "1991.06.??"]
[EventType "tourn"]
[EventRounds "9"]
[EventCountry "PHI"]
[EventCategory "10"]
[Source "ChessBase"]
[SourceDate "1991.09.01"]
[WhiteTeamCountry "GER"]
[BlackTeamCountry "GER"]

1. d4 c5 2. d5 Nf6 3. Nf3 g6 4. c4 Bg7 5. Nc3 O-O 6. g3 d6 7. Bg2 e6 8. O-O
exd5 9. cxd5 a6 10. a4 Nbd7 11. Bf4 Ne8 12. Qd2 Nb6 13. Bh6 Nc4 14. Qc1 Na5 15.
Bxg7 Nxg7 16. Rb1 Bg4 17. b4 cxb4 18. Rxb4 Bxf3 19. Bxf3 Rc8 20. Qa1 f5 21. e3
Qf6 22. Ne2 Qxa1 23. Rxa1 Rf7 24. Nd4 Rfc7 25. Nb3 Nxb3 26. Rxb3 Rc1+ 27. Rxc1
Rxc1+ 28. Kg2 Rc7 29. h3 Kf7 30. Rb6 Ke7 31. g4 Ne8 32. Rb4 Kf6 33. Kg3 h6 34.
Bg2 Ke7 35. Bf3 Kf6 36. h4 a5 37. Rb5 fxg4 38. Bxg4 Ke5 39. Rxa5 Nf6 40. Bf3
Ne4+ 41. Bxe4 Kxe4 42. Ra8 g5 43. h5 Rh7 44. a5 Rf7 45. Ra7 g4 46. a6 Rf3+ 47.
Kxg4 Rxf2 48. Rxb7 Rg2+ 49. Kh3 Ra2 50. Re7+ Kxd5 51. a7 Kc4 52. e4 d5 53. e5
Kd4 54. Kg4 Ke4 55. e6 Ke5 56. Rh7 Kxe6 57. Rxh6+ Ke5 58. Rh7 Kf6 59. Kf4 Ra4+
60. Ke3 Kg5 61. Kd3 d4 62. Ke4 Kg4 63. Kd3 Kg5 64. Kc2 Ra3 65. Kb2 Ra5 66. Rd7
Kh6 67. Kb3 d3 68. Rd6+ Kh7 69. Rd7+ Kh6 70. Kb4 Ra1 71. Rxd3 Rxa7 1/2-1/2

[Event "Bacolod"]
[Site "Bacolod"]
[Date "1991.??.??"]
[Round "9"]
[White "Torre, Eugenio"]
[Black "Adorjan, Andras"]
[Result "1/2-1/2"]
[WhiteElo "2535"]
[BlackElo "2525"]
[PlyCount "39"]
[EventDate "1991.06.??"]
[EventType "tourn"]
[EventRounds "9"]
[EventCountry "PHI"]
[EventCategory "10"]
[Source "ChessBase"]
[SourceDate "1991.09.01"]
[WhiteTeamCountry "GER"]
[BlackTeamCountry "GER"]

1. e4 c6 2. d4 d5 3. Nd2 dxe4 4. Nxe4 Nd7 5. Bc4 Ngf6 6. Ng5 e6 7. Qe2 Nb6 8.
Bd3 h6 9. N5f3 c5 10. dxc5 Bxc5 11. Bd2 a6 12. Nh3 Na4 13. b3 Bd4 14. Nxd4 Qxd4
15. O-O Nb2 16. Nf4 Nxd3 17. Nxd3 O-O 18. Rad1 b5 19. Be3 Qh4 20. Qf3 1/2-1/2

[Event "Manila op"]
[Site "Manila"]
[Date "1991.??.??"]
[Round "?"]
[White "Adorjan, Andras"]
[Black "Sevillano, Enrico"]
[Result "1/2-1/2"]
[WhiteElo "2525"]
[BlackElo "2340"]
[PlyCount "117"]
[EventDate "1991.06.??"]
[EventType "swiss"]
[EventRounds "11"]
[EventCountry "PHI"]
[Source "ChessBase"]
[SourceDate "1996.11.15"]
[WhiteTeamCountry "GER"]
[BlackTeamCountry "GER"]

1. d4 Nf6 2. Nf3 e6 3. c4 d5 4. Nc3 Be7 5. Bg5 Nbd7 6. e3 h6 7. Bh4 O-O 8. Rc1
c6 9. Bd3 dxc4 10. Bxc4 b5 11. Bd3 Bb7 12. O-O a6 13. a4 Rc8 14. Qe2 b4 15.
Bxf6 Nxf6 16. Ne4 Nxe4 17. Bxe4 Bd6 18. Rc2 a5 19. Rfc1 Qb6 20. Nd2 b3 21. Nc4
Bxh2+ 22. Kf1 Qd8 23. Rc3 Bb8 24. g3 Ba6 25. Rxb3 c5 26. dxc5 Rxc5 27. Rbc3 Be5
28. R3c2 Qf6 29. Kg1 Bxb2 30. Rxb2 Bxc4 31. Qc2 Rh5 32. Qc3 Qxc3 33. Rxc3 Bd5
34. Rb5 Rg5 35. Bxd5 Rxd5 36. Rxd5 exd5 37. Rc5 Rd8 38. Rxa5 d4 39. exd4 Rxd4
40. Ra7 g5 41. a5 Ra4 42. a6 Kg7 43. Kg2 h5 44. Ra8 Ra3 45. f3 Kf6 46. a7 Ra2+
47. Kh3 Kf5 48. g4+ hxg4+ 49. fxg4+ Kf4 50. Rb8 Ra3+ 51. Kg2 Ra2+ 52. Kh3 Rxa7
53. Rb4+ Ke5 54. Rb5+ Kf6 55. Rb6+ Ke7 56. Rb5 f6 57. Rb6 Rd7 58. Kg3 Rd6 59.
Rb3 1/2-1/2

[Event "Manila op"]
[Site "Manila"]
[Date "1991.??.??"]
[Round "?"]
[White "Alaan, Vince"]
[Black "Adorjan, Andras"]
[Result "1/2-1/2"]
[WhiteElo "2385"]
[BlackElo "2525"]
[PlyCount "46"]
[EventDate "1991.06.??"]
[EventType "swiss"]
[EventRounds "11"]
[EventCountry "PHI"]
[Source "ChessBase"]
[SourceDate "1996.11.15"]
[WhiteTeamCountry "GER"]
[BlackTeamCountry "GER"]

1. c4 g6 2. Nc3 c5 3. g3 Bg7 4. Bg2 Nc6 5. a3 b6 6. d3 e6 7. e4 Nge7 8. Nge2
O-O 9. O-O Bb7 10. Bg5 h6 11. Be3 Nd4 12. Rb1 d6 13. Qd2 Kh7 14. b4 Qd7 15. f4
f5 16. a4 Nec6 17. bxc5 dxc5 18. e5 Rad8 19. Nb5 g5 20. Bxd4 cxd4 21. c5 Rg8
22. Nd6 Ba8 23. cxb6 axb6 1/2-1/2

[Event "Manila op"]
[Site "Manila"]
[Date "1991.??.??"]
[Round "?"]
[White "Torre, Eugenio"]
[Black "Adorjan, Andras"]
[Result "1/2-1/2"]
[WhiteElo "2535"]
[BlackElo "2525"]
[PlyCount "34"]
[EventDate "1991.06.??"]
[EventType "swiss"]
[EventRounds "11"]
[EventCountry "PHI"]
[Source "ChessBase"]
[SourceDate "1996.11.15"]
[WhiteTeamCountry "GER"]
[BlackTeamCountry "GER"]

1. e4 c6 2. d4 d5 3. e5 Bf5 4. Nf3 e6 5. Be2 Nd7 6. O-O h6 7. c3 Ne7 8. Na3 a6
9. Nc2 Bh7 10. Nce1 c5 11. Bd3 Bxd3 12. Nxd3 Rc8 13. Re1 g6 14. Nf4 h5 15. h3
Bh6 16. Nd3 Bxc1 17. Rxc1 Qb6 1/2-1/2

[Event "Manila op"]
[Site "Manila"]
[Date "1991.??.??"]
[Round "?"]
[White "Young, Angelo"]
[Black "Adorjan, Andras"]
[Result "0-1"]
[WhiteElo "2245"]
[BlackElo "2525"]
[PlyCount "108"]
[EventDate "1991.06.??"]
[EventType "swiss"]
[EventRounds "11"]
[EventCountry "PHI"]
[Source "ChessBase"]
[SourceDate "1996.11.15"]
[WhiteTeamCountry "GER"]
[BlackTeamCountry "GER"]

1. d4 Nf6 2. Nf3 g6 3. c4 Bg7 4. Nc3 d5 5. cxd5 Nxd5 6. g3 Nb6 7. Bg2 Nc6 8.
O-O O-O 9. a4 a5 10. Nb5 Nb4 11. Bf4 N6d5 12. Bd2 c6 13. Nc3 Bg4 14. Nxd5 Nxd5
15. Bc3 Qb6 16. e3 Rfd8 17. Qc1 Qa7 18. h3 Bf5 19. Nd2 e5 20. Nb3 Nxc3 21. bxc3
Rac8 22. Rd1 b6 23. Qb2 h5 24. Kh2 Qc7 25. Rd2 h4 26. Rad1 Rd7 27. e4 hxg3+ 28.
fxg3 Be6 29. d5 cxd5 30. exd5 Bf5 31. d6 Qd8 32. Bd5 Bh6 33. g4 Bxd2 34. Qxd2
Be6 35. Bxe6 fxe6 36. Qh6 Qf6 37. Kg1 Rf8 38. Nd2 Rxd6 39. Rf1 Qg7 40. Rxf8+
Kxf8 41. Qe3 Qf6 42. Qh6+ Kg8 43. Kg2 Rd3 44. h4 e4 45. h5 Qg7 46. Qxg7+ Kxg7
47. Nxe4 Re3 48. Nd6 gxh5 49. gxh5 Rxc3 50. Kf2 Kh6 51. Ke2 Kxh5 52. Kd2 Rc6
53. Nf7 Rc4 54. Nd6 Rxa4 0-1

[Event "Rubinstein Memorial"]
[Site "Polanica Zdroj"]
[Date "1991.??.??"]
[Round "2"]
[White "Adorjan, Andras"]
[Black "Schmittdiel, Eckhard"]
[Result "1/2-1/2"]
[WhiteElo "2530"]
[BlackElo "2490"]
[Annotator "Ribli"]
[PlyCount "40"]
[EventDate "1991.09.??"]
[EventType "tourn"]
[EventRounds "11"]
[EventCountry "POL"]
[EventCategory "11"]
[Source "ChessBase"]
[SourceDate "1992.02.01"]
[WhiteTeamCountry "GER"]
[BlackTeamCountry "GER"]

1. c4 Nf6 2. Nc3 e6 3. Nf3 Bb4 4. g3 O-O 5. Bg2 d5 6. a3 Be7 7. d4 Nbd7 (7...
dxc4 $5 8. Qa4 (8. Ne5 c5 $5 9. dxc5 Qxd1+ 10. Nxd1 Nbd7 11. Nxc4 Nxc5 12. Nd2
Nd5 13. b3 Bg5 $10 {Sher,M-Franzoni,G  Biel op 1990  EXP/19}) 8... a6 9. Qxc4
b5 10. Qd3 Bb7 11. b4 a5 12. Rb1 axb4 13. axb4 c6 14. Ne4 $6 Nxe4 15. Qxe4 Ra4
16. Bd2 Na6 $15 {Zoltek,T-Nikolenko,O  Moscow-B 1991  EXP/24}) 8. c5 (8. Qd3 c6
9. O-O b6 10. e4 Ba6 11. b3 c5 12. exd5 exd5 13. Rd1 Rc8 14. Nb5 Bxb5 15. cxb5
Ne4 16. Be3 Bf6 17. Rac1 Qe7 18. a4 Qe6 $13 {
Ribli,Z-Nikolic,Pr  Wijk 1989  CBM/11}) 8... c6 9. O-O Ne4 10. Nxe4 dxe4 11.
Ne5 f5 (11... Nxe5 $6 12. dxe5 Bxc5 13. Bxe4 Bd4 14. Qc2 g6 15. Bh6 Re8 16.
Rad1 Qb6 17. Bf4 $16) 12. Nxd7 Qxd7 13. Bf4 b6 14. b4 Ba6 15. Rc1 (15. Re1 Bc4
$10) 15... bxc5 16. bxc5 Rad8 17. Be5 Bf6 18. Bd6 Be7 19. Be5 Bf6 20. Bd6 Be7
1/2-1/2

[Event "Rubinstein Memorial"]
[Site "Polanica Zdroj"]
[Date "1991.??.??"]
[Round "3"]
[White "Polgar, Zsuzsa"]
[Black "Adorjan, Andras"]
[Result "1/2-1/2"]
[WhiteElo "2535"]
[BlackElo "2530"]
[PlyCount "39"]
[EventDate "1991.09.??"]
[EventType "tourn"]
[EventRounds "11"]
[EventCountry "POL"]
[EventCategory "11"]
[Source "ChessBase"]
[SourceDate "1992.02.01"]
[WhiteTeamCountry "GER"]
[BlackTeamCountry "GER"]

1. d4 Nf6 2. c4 e6 3. Nf3 b6 4. e3 Bb7 5. Bd3 Be7 6. Nc3 d5 7. b3 O-O 8. O-O c5
9. Bb2 cxd4 10. exd4 Nc6 11. Rc1 Rc8 12. Re1 Nb4 13. Bf1 Qd6 14. Ne5 Qb8 15. a3
Nc6 16. cxd5 Nxe5 17. dxe5 Nxd5 18. Ne4 Rxc1 19. Qxc1 Rd8 20. g3 1/2-1/2

[Event "Rubinstein Memorial"]
[Site "Polanica Zdroj"]
[Date "1991.??.??"]
[Round "4"]
[White "Adorjan, Andras"]
[Black "Lau, Ralf"]
[Result "1/2-1/2"]
[WhiteElo "2530"]
[BlackElo "2500"]
[PlyCount "57"]
[EventDate "1991.09.??"]
[EventType "tourn"]
[EventRounds "11"]
[EventCountry "POL"]
[EventCategory "11"]
[Source "ChessBase"]
[SourceDate "1992.02.01"]
[WhiteTeamCountry "GER"]
[BlackTeamCountry "GER"]

1. c4 Nf6 2. Nc3 e6 3. Nf3 d5 4. d4 dxc4 5. e4 Bb4 6. Bg5 c5 7. Bxc4 cxd4 8.
Nxd4 Bxc3+ 9. bxc3 Qa5 10. Bxf6 Qxc3+ 11. Kf1 gxf6 12. Rc1 Qa5 13. Bb5+ Ke7 14.
e5 fxe5 15. Qh5 Nd7 16. Qg5+ Kf8 17. Rxc8+ Rxc8 18. Bxd7 Qd8 19. Nxe6+ fxe6 20.
Qh6+ Kf7 21. Qxe6+ Kg7 22. Qg4+ Kf6 23. Qh4+ Kg7 24. Qg4+ Kf6 25. Qf3+ Ke7 26.
Bxc8 Qxc8 27. g3 Qc6 28. Kg2 Rc8 29. Re1 1/2-1/2

[Event "Rubinstein Memorial"]
[Site "Polanica Zdroj"]
[Date "1991.??.??"]
[Round "5"]
[White "Gdanski, Jacek"]
[Black "Adorjan, Andras"]
[Result "0-1"]
[WhiteElo "2430"]
[BlackElo "2530"]
[PlyCount "82"]
[EventDate "1991.09.??"]
[EventType "tourn"]
[EventRounds "11"]
[EventCountry "POL"]
[EventCategory "11"]
[Source "ChessBase"]
[SourceDate "1992.02.01"]
[WhiteTeamCountry "GER"]
[BlackTeamCountry "GER"]

1. e4 c5 2. Nf3 e6 3. d4 cxd4 4. Nxd4 Nf6 5. Nc3 d6 6. Bc4 Be7 7. Bb3 Na6 8.
Qf3 Nc5 9. Bg5 a6 10. O-O-O Bd7 11. h4 Rc8 12. Kb1 b5 13. a3 Qb6 14. Rhe1 O-O
15. Qg3 Kh8 16. f4 b4 17. axb4 Qxb4 18. e5 dxe5 19. fxe5 Ng8 20. Nf3 Qb7 21.
Bxe7 Nxe7 22. Ng5 Bc6 23. Qf2 Nxb3 24. cxb3 Qxb3 25. Nxf7+ Kg8 26. Rf1 Nd5 27.
Rd3 Nxc3+ 28. Rxc3 Be4+ 29. Ka1 Qa4+ 30. Ra3 Qd7 31. Qe1 Bxg2 32. Rg1 Rxf7 33.
Rxg2 Rcf8 34. Rg1 Qb5 35. Qc3 Qd5 36. Rc1 Rf3 37. Qc5 Rf1 38. Qc3 Qh1 39. Rxf1
Rxf1+ 40. Ka2 Ra1+ 41. Kb3 Qd5+ 0-1

[Event "Rubinstein Memorial"]
[Site "Polanica Zdroj"]
[Date "1991.??.??"]
[Round "6"]
[White "Adorjan, Andras"]
[Black "Romanishin, Oleg"]
[Result "1/2-1/2"]
[WhiteElo "2530"]
[BlackElo "2600"]
[Annotator "Ribli"]
[PlyCount "53"]
[EventDate "1991.09.??"]
[EventType "tourn"]
[EventRounds "11"]
[EventCountry "POL"]
[EventCategory "11"]
[Source "ChessBase"]
[SourceDate "1992.02.01"]
[WhiteTeamCountry "GER"]
[BlackTeamCountry "GER"]

1. Nf3 Nf6 2. c4 e6 3. Nc3 Bb4 4. g3 O-O 5. Bg2 d5 6. a3 Bxc3 7. dxc3 (7. bxc3
c5 8. O-O Nc6 9. cxd5 exd5 10. d3 h6 11. Qc2 Re8 12. h3 b6 13. Re1 Bb7 14. Bf4
Qe7 15. g4 $13 {Mikhalchishin,A-Kohlweyer,B  Groningen op 1990  CBM/22}) 7...
Nbd7 8. cxd5 exd5 9. O-O c6 10. Qc2 Nb6 11. a4 Re8 12. b3 Bg4 13. a5 Nbd7 14.
a6 b6 15. c4 Ne5 16. Bb2 Nxf3+ 17. exf3 Be6 18. f4 (18. Rfd1 $5) (18. Rad1 $5)
18... Ne4 19. Rfe1 f6 20. Rad1 (20. Bxe4 $5 dxe4 21. Qxe4) 20... Qc8 21. Bf1
Bf7 22. cxd5 cxd5 23. Qxc8 Raxc8 24. Bd4 Bh5 25. Rd3 Bf7 26. Rdd1 Bh5 27. Rd3
1/2-1/2